La posesión y los procesos posesorios
में बचाया:
| मुख्य लेखक: | |
|---|---|
| स्वरूप: | पुस्तक |
| भाषा: | स्पेनिश |
| प्रकाशित: |
Madrid
Rialp
1962
|
| श्रृंखला: | Monografías, 11
|
| विषय: | |
| टैग: |
टैग जोड़ें
कोई टैग नहीं, इस रिकॉर्ड को टैग करने वाले पहले व्यक्ति बनें!
|
MARC
| LEADER | 00000nam a2200000 a 4500 | ||
|---|---|---|---|
| 001 | UCS1245 | ||
| 003 | CL-VaPUC | ||
| 008 | 970509e19620000SP |||||||||||||||||spa|d | ||
| 082 | 0 | 4 | |a 347.05 |b DIE |2 21 |
| 100 | 0 | |a Diego Lora, Carmelo de |e author |9 385545 | |
| 245 | 1 | 3 | |a La posesión y los procesos posesorios |
| 300 | |a 2 v | ||
| 942 | |c BK | ||
| 945 | |d 19970509 00:00:00 |a paguirre | ||
| 260 | |a Madrid |b Rialp |c 1962 | ||
| 650 | 0 | |a Derecho procesal civil |9 258071 | |
| 650 | 0 | |a Posesión |9 258681 | |
| 650 | 7 | |a INTERDICTOS POSESORIOS |2 CL-VaPUC |9 384914 | |
| 650 | 0 | |a Cosa juzgada |9 255091 | |
| 651 | 0 | |a España |9 254926 | |
| 583 | |a last modification |c 19970509 00:00:00 |k Rodrigo Vera | ||
| 490 | 0 | |a Monografías, 11 | |
| 999 | |c 259345 |d 259343 | ||
| 952 | |0 0 |1 0 |4 0 |6 347_050000000000000_DIE_1962 |7 0 |8 A |9 284034 |a BIBDER |b BIBDER |d 2019-11-19 |h v.1 |i 1843117 |o 347.05 DIE 1962 |p 1843117 |r 2023-01-25 |w 2019-11-19 |y BK |k DER | ||
| 952 | |0 0 |1 0 |4 0 |6 347_050000000000000_DIE_1962 |7 0 |8 A |9 284035 |a BIBDER |b BIBDER |d 2019-11-19 |h v.2 |i 1843125 |o 347.05 DIE 1962 |p 1843125 |r 2023-01-25 |w 2019-11-19 |y BK |k DER | ||